000 00713nam a2200181Ia 4500
008 151202s9999||||xx |||||||||||||| ||und||
082 _bPNVM-34329
100 _aढवळे त्र्य. गो.
245 _aपंचांगातील ज्योति:शास्त्र.
260 _b"गोळे व. ह.,पुणे विद्यापिठ."
260 _c1958
300 _a169
600 _aढवळे त्र्य. गो.
630 _aपंचांगातील ज्योति:शास्त्र.
700 _aढवळे त्र्य. गो.
730 _aपंचांगातील ज्योति:शास्त्र.
942 _cBOOK
999 _c1300287
_d1300284